The noble scholar, jurist, historian


 His Excellency Dr. Abdul Wahhab bin Ibrahim Abu Sulaiman, may Allah have mercy on him.


 He was born in Umm Al-Qura in the year 1356 AH.

قصيدة البردة / (Record no. 12381)

MARC details
000 -LEADER
fixed length control field 01521cam a22003011i 4500
003 - CONTROL NUMBER IDENTIFIER
control field SA-RiAUC
005 - DATE AND TIME OF LATEST TRANSACTION
control field 20251005120626.0
008 - FIXED-LENGTH DATA ELEMENTS--GENERAL INFORMATION
fixed length control field 251004s1980 su g 00000 ara c
040 ## - CATALOGING SOURCE
Original cataloging agency SA-RiAUC
Language of cataloging ara
Transcribing agency SA-RiAUC
Description conventions rda
082 04 - DEWEY DECIMAL CLASSIFICATION NUMBER
Classification number 811.062
Assigning agency SA-RiAUC
090 ## - LOCALLY ASSIGNED LC-TYPE CALL NUMBER (OCLC); LOCAL CALL NUMBER (RLIN)
Classification number (OCLC) (R) ; Classification number, CALL (RLIN) (NR) 811.062
Local cutter number (OCLC) ; Book number/undivided call number, CALL (RLIN) ب و ص
100 1# - MAIN ENTRY--PERSONAL NAME
Personal name البوصيري، محمد بن سعيد بن حماد،
Dates associated with a name 608-696 هجري
Relator term مؤلف.
245 10 - TITLE STATEMENT
Title قصيدة البردة /
Statement of responsibility, etc. محمد بن سعيد بن حماد البوصيري ؛ شرح أبي البركات بن الأنباري ؛ دراسة وتحقيق محمود حسن زيتي. يليه قصيدة بانت سعاد / لكعب بن زهير.
250 ## - EDITION STATEMENT
Edition statement الطبعة الأولى.
264 #1 - PRODUCTION, PUBLICATION, DISTRIBUTION, MANUFACTURE, AND COPYRIGHT NOTICE
Place of production, publication, distribution, manufacture جدة، السعودية :
Name of producer, publisher, distributor, manufacturer تهامة،
Date of production, publication, distribution, manufacture, or copyright notice 1980
300 ## - PHYSICAL DESCRIPTION
Extent 148 صفحة ؛
Dimensions 24 سم
336 ## - CONTENT TYPE
Content type term نص
Content type code txt
Source rdacontent
Materials specified كتاب
337 ## - MEDIA TYPE
Media type term بدون وسيط
Media type code n
Source rdamedia
338 ## - CARRIER TYPE
Carrier type term مجلد
Carrier type code nc
Source rdacarrier
650 #7 - SUBJECT ADDED ENTRY--TOPICAL TERM
Topical term or geographic name entry element الشعر العربي
Chronological subdivision عصر صدر الإسلام
Source of heading or term aucsh
650 #7 - SUBJECT ADDED ENTRY--TOPICAL TERM
Topical term or geographic name entry element الشعر العربي
Chronological subdivision العصر الأموي
Source of heading or term aucsh
700 1# - ADDED ENTRY--PERSONAL NAME
Personal name الأنباري، عبد الرحمن بن محمد بن عبيد الله،
Dates associated with a name 513-577 هجري
Relator term شارح.
700 1# - ADDED ENTRY--PERSONAL NAME
Personal name زيني، محمود حسن عبد الرحمن،
Dates associated with a name 1358 هجري-
Relator term محقق.
700 02 - ADDED ENTRY--PERSONAL NAME
Personal name كعب بن زهير بن أبي سلمى المازني،
Dates associated with a name توفي 26 هجري
740 02 - ADDED ENTRY--UNCONTROLLED RELATED/ANALYTICAL TITLE
Uncontrolled related/analytical title قصيدة بانت سعاد.
942 ## - ADDED ENTRY ELEMENTS (KOHA)
Source of classification or shelving scheme Dewey Decimal Classification
Koha item type Books
Suppress in OPAC No
949 ## - LOCAL PROCESSING INFORMATION (OCLC)
a SA-JeALM
d 251004
u mohamedma123
n 1
Holdings
Withdrawn status Lost status Source of classification or shelving scheme Damaged status Not for loan Home library Current library Date acquired Total checkouts Full call number Barcode Date last seen Price effective from Koha item type
    Dewey Decimal Classification     DR AbdElwahab Library DR AbdElwahab Library 10/05/2025   811.062 ب و ص 000019919 10/05/2025 10/05/2025 Books
    Dewey Decimal Classification     DR AbdElwahab Library DR AbdElwahab Library 10/14/2025   811.062 ب و ص 000020215 10/14/2025 10/14/2025 Books